Breaking Through Depression New Treatment and Discoveries for Healing (Record no. 2210)

MARC details
000 -LEADER
fixed length control field 00376nam a22001337a 4500
008 - FIXED-LENGTH DATA ELEMENTS--GENERAL INFORMATION
fixed length control field 250310b |||||||| |||| 00| 0 eng d
020 ## - INTERNATIONAL STANDARD BOOK NUMBER
ISBN 9780241659052
100 ## - MAIN ENTRY--AUTHOR
Author Gold Phillip William
245 ## - TITLE STATEMENT
Title Breaking Through Depression New Treatment and Discoveries for Healing
260 ## - PUBLICATION, DISTRIBUTION, ETC. (IMPRINT)
Place of publication Ireland
Name of publisher Peinguin Books
Date of publication 2023
300 ## - COLLATION
Pagination xv,256p
942 ## - ADDED ENTRY ELEMENTS (KOHA)
Item type Books
050 ## - LIBRARY OF CONGRESS CALL NUMBER
Classification number RC537
Item number .G65
Holdings
Source of classification or shelving scheme Not for loan Permanent location Current location Date acquired Accession No. Full call number Barcode. Koha item type
Library of Congress Classification   Samuel Ogbemudia Main Library, University of Abuja Samuel Ogbemudia Main Library, University of Abuja 03/10/2025 2024/63596 RC537.G65 2025-0450 Books